Missing Word: 10-Letter Movie Words III Quiz Stats

 Plays Quiz Updated Apr 28, 2015

Challenge
Share
Tweet
Embed
Score 0/20 Timer 03:00
0 Plays Today
Film 10-Letter Word % Correct
A.I. ____ IntelligenceArtificial
91.8%
The French ____Connection
84.8%
101 ____Dalmatians
82.6%
Four Horsemen of the ____Apocalypse
81.3%
The Theory of ____Everything
81%
The Lord of the Rings: The ____ of the RingFellowship
80.5%
Monsters ____University
64.7%
Harry and the ____Hendersons
64.4%
Bridge to ____Terabithia
56%
____ 9/11Fahrenheit
47.3%
Film 10-Letter Word % Correct
____ 3: Europe's Most WantedMadagascar
45.5%
The ____ Lightness of BeingUnbearable
45.3%
____ PotemkinBattleship
43.1%
The ____ of Baron MunchausenAdventures
40.9%
The ____ LimitedDarjeeling
36.8%
Love & ____Basketball
16.4%
Bad ____Lieutenant
14.9%
____ FallsMulholland
13.8%
____ BusinessUnfinished
10.2%
____ BehaviorDisturbing
8.6%

Today's Daily Dose

You're not logged in!

Compare scores with friends on all Sporcle quizzes.
Join for Free
OR
Log In

You Might Also Like...

Show Comments

Extras

Top Quizzes Today


Score Distribution

Your Account Isn't Verified!

In order to create a playlist on Sporcle, you need to verify the email address you used during registration. Go to your Sporcle Settings to finish the process.

Report this User

Report this user for behavior that violates our Community Guidelines.

Details: